000 00298nam a2200133 i 4500
001 bg
100 1 _aREINHARD, H. W.
245 0 _aIngenieurbaustoffe /
_cH.W. Reinhard.
260 _aBerlin,
_c1973.
040 _cBPK
041 _apol
942 _cKS
008 s pl f |000 0 pol
999 _c16409
_d16409
856 _uhttp://koha.tu.koszalin.pl/cgi-bin/koha/opac-detail.pl?biblionumber=16409
_yKatalog online BPK